| 000 | 01084cam a22002651i 4500 | ||
|---|---|---|---|
| 003 | SA-RiAUC | ||
| 005 | 20251117140057.0 | ||
| 008 | 251006s1995 su g 000r0 ara c | ||
| 040 |
_aSA-JeALM _bara _cSA-RiAUC _erda |
||
| 050 | 4 | _b.A43 1995 | |
| 082 | 0 | 4 |
_a213 _qSA-RiAUC |
| 090 |
_a213 _bا ل ش |
||
| 100 | 1 |
_aآل الشيخ، صالح بن عبد العزيز بن محمد _d1378 هجري- _eمؤلف. |
|
| 245 | 1 | 2 |
_aالمنظار في بيان كثير من الأخطاء الشائعة / _cكتبه صالح بن عبد العزيز بن محمد آل الشيخ. |
| 250 | _aالطبعة الثانية. | ||
| 264 | 1 |
_aالرياض : _bدار العاصمة للنشر، _c[1995] |
|
| 300 |
_a136 صفحة ؛ _c24 سم |
||
| 336 |
_aنص _btxt _2rdacontent _3كتاب |
||
| 337 |
_aبدون وسيط _bn _2rdamedia |
||
| 338 |
_aمجلد _bnc _2rdacarrier |
||
| 650 | 7 |
_aالوعظ والإرشاد _2aucsh |
|
| 650 | 7 |
_aالأمر بالمعروف والنهي عن المنكر _2aucsh |
|
| 942 |
_2ddc _cBOOK _n0 |
||
| 949 |
_aSA-JeALM _d251006 _uosman123 _n1 |
||
| 999 |
_c13324 _d13324 |
||